[Event "Nova Gorica op 28th"]
[Site "Nova Gorica"]
[Date "2024.01.31"]
[Round "7"]
[White "Ceschia, Ivano"]
[Black "Cvitan, Ognjen"]
[Result "0-1"]
[WhiteElo "2183"]
[BlackElo "2422"]
[PlyCount "66"]
[EventDate "2024.01.26"]
[EventType "swiss"]
[EventRounds "9"]
[EventCountry "SLO"]
[SourceTitle "CB06_2024"]
[SourceDate "2024.02.07"]
[SourceVersion "1"]
[SourceVersionDate "2024.02.07"]
[SourceQuality "1"]

1. e4 c5 2. Nf3 d6 3. c3 Nf6 4. Be2 g6 5. 0-0 Bg7 6. Re1 0-0 7. Bf1 Nc6 8. h3 e5 9. d3 d5 10. Nbd2 Re8 11. g3 h6 12. Bg2 Be6 13. a3 dxe4 14. dxe4 c4 15. Bf1 b5 16. b3 cxb3 17. Bxb5 Rc8 18. Ba4 Bxh3 19. Qxb3 Nd7 20. Qc2 Nd4 21. Qd1 Rxc3 22. Nxd4 exd4 23. Bb2 Rc8 24. Nb3 Re7 25. Bxd4 Bxd4 26. Nxd4 Ne5 27. Kh1 Bg4 28. Qd2 Rc4 29. Kg1 Rc8 30. Qd1 Bh3 31. Re3 Bg4 32. f3 Qb6 33. fxg4 Rd8 0-1

[Event "EU-ch Blitz"]
[Site "Zagreb"]
[Date "2023.12.16"]
[Round "11"]
[White "Alexakis, Dimitris"]
[Black "Cvitan, Ognjen"]
[Result "0-1"]
[WhiteElo "2462"]
[BlackElo "2422"]
[PlyCount "148"]
[EventDate "2023.12.16"]
[EventType "swiss (blitz)"]
[EventRounds "13"]
[EventCountry "CRO"]
[SourceTitle "CB51_2023"]
[SourceDate "2023.12.20"]
[SourceVersion "1"]
[SourceVersionDate "2023.12.20"]
[SourceQuality "1"]

1. e4 c5 2. Nf3 Nc6 3. Bb5 e6 4. 0-0 Nge7 5. Re1 a6 6. Bf1 d5 7. exd5 Nxd5 8. d4 Nf6 9. Be3 Be7 10. dxc5 Qxd1 11. Rxd1 Ng4 12. Bf4 Bxc5 13. Bg3 Nf6 14. Nc3 0-0 15. a3 b5 16. Bd3 Bb7 17. Ne4 Nxe4 18. Bxe4 Rad8 19. Ne5 Na5 20. Bxb7 Nxb7 21. Nd7 Rfe8 22. b4 Be7 23. Rd3 f6 24. Rad1 Kf7 25. c3 e5 26. f4 exf4 27. Bxf4 Rc8 28. a4 bxa4 29. Nb6 Rc6 30. Nxa4 h5 31. Rd7 Nd8 32. Ra7 Ne6 33. Be3 Kg6 34. Rdd7 Bf8 35. Kf2 h4 36. h3 Ng5 37. Bxg5 fxg5 38. Rd3 Rce6 39. Rb7 Bd6 40. Rf3 Bg3+ 41. Rxg3 hxg3+ 42. Kxg3 Rf6 43. Kh2 Re2 44. Ra7 Rff2 45. Rxa6+ Kh5 46. Kg3 Rxg2+ 47. Kf3 Rgf2+ 48. Kg3 Rf4 49. Ra8 Re3+ 50. Kg2 Rff3 51. b5 Rg3+ 52. Kf2 Ref3+ 53. Ke2 Rf4 54. b6 Rg2+ 55. Kd3 Rg3+ 56. Kc2 Rg2+ 57. Kb3 Rg1 58. b7 Rb1+ 59. Nb2 Rf2 60. Ra2 Rf8 61. Kc2 Rbf1 62. Ra8 R8f2+ 63. Kb3 Rb1 64. Ra2 Rf8 65. Ra4 Rf2 66. Rb4 Rbxb2+ 67. Kc4 Rxb4+ 68. cxb4 Rf8 69. Kc5 Kh4 70. Kb6 Kxh3 71. Ka7 g4 72. b8Q Rxb8 73. Kxb8 g3 74. b5 g2 0-1

[Event "EU-ch Blitz"]
[Site "Zagreb"]
[Date "2023.12.16"]
[Round "6"]
[White "Cvitan, Ognjen"]
[Black "Cvitan, Ena"]
[Result "1/2-1/2"]
[WhiteElo "2422"]
[BlackElo "2239"]
[PlyCount "34"]
[EventDate "2023.12.16"]
[EventType "swiss (blitz)"]
[EventRounds "13"]
[EventCountry "CRO"]
[SourceTitle "CB51_2023"]
[SourceDate "2023.12.20"]
[SourceVersion "1"]
[SourceVersionDate "2023.12.20"]
[SourceQuality "1"]

1. d4 d5 2. c4 e6 3. Nc3 Nf6 4. cxd5 exd5 5. Bg5 Be7 6. e3 c6 7. Bd3 Nbd7 8. Qc2 h6 9. Bh4 Nh5 10. Bxe7 Qxe7 11. 0-0-0 Nb6 12. Kb1 Be6 13. Rc1 Nf6 14. Nf3 Nfd7 15. h3 0-0-0 16. Na4 Nxa4 17. Qxa4 Kb8 1/2-1/2

[Event "EU-ch Blitz"]
[Site "Zagreb"]
[Date "2023.12.16"]
[Round "5"]
[White "Jurakic, Lukas"]
[Black "Cvitan, Ognjen"]
[Result "0-1"]
[WhiteElo "2235"]
[BlackElo "2422"]
[PlyCount "72"]
[EventDate "2023.12.16"]
[EventType "swiss (blitz)"]
[EventRounds "13"]
[EventCountry "CRO"]
[SourceTitle "CB51_2023"]
[SourceDate "2023.12.20"]
[SourceVersion "1"]
[SourceVersionDate "2023.12.20"]
[SourceQuality "1"]

1. e4 c5 2. Nf3 Nc6 3. d4 cxd4 4. Nxd4 e5 5. Nb5 d6 6. c4 Be6 7. N1c3 a6 8. Na3 g6 9. Be2 Bg7 10. 0-0 Nf6 11. Nc2 0-0 12. Be3 Rc8 13. Qd2 Ne7 14. Na3 Nc6 15. Nc2 Na5 16. b3 b5 17. cxb5 Qc7 18. Nd5 Bxd5 19. exd5 Qxc2 20. Qxa5 Qxe2 21. bxa6 Ng4 22. Rae1 Qd3 23. Bb6 e4 24. Qa4 Rfe8 25. a7 Qxd5 26. Rd1 Qe5 27. f4 Qe7 28. h3 Nf6 29. Be3 Qb7 30. Rxd6 Nd5 31. Rd7 Qa8 32. Bc1 e3 33. Qa5 e2 34. Re1 Bc3 35. Rxe2 Bxa5 36. Rf2 Bb6 0-1

[Event "CRO-chT1A 31st"]
[Site "Veli Losinj"]
[Date "2023.10.15"]
[Round "5.4"]
[White "Cvitan, Ognjen"]
[Black "Plenca, Jadranko"]
[Result "1/2-1/2"]
[WhiteElo "2426"]
[BlackElo "2434"]
[PlyCount "54"]
[EventDate "2023.10.11"]
[EventType "team-tourn"]
[EventRounds "7"]
[EventCountry "CRO"]
[SourceTitle "Mega2024 Update 01"]
[Source "Chessbase"]
[SourceDate "2023.11.12"]
[SourceVersion "1"]
[SourceVersionDate "2023.11.12"]
[SourceQuality "1"]
[WhiteTeam "Solin Cemex"]
[BlackTeam "Split Mornar"]
[WhiteTeamCountry "CRO"]
[BlackTeamCountry "CRO"]

1. c4 e6 2. Nf3 d5 3. g3 Nf6 4. Bg2 Be7 5. d4 0-0 6. 0-0 Nbd7 7. Qc2 c6 8. Nbd2 b6 9. e4 dxc4 10. Nxc4 Bb7 11. Bf4 c5 12. Rfe1 cxd4 13. Nd6 Bxd6 14. Bxd6 d3 15. Qxd3 Bxe4 16. Qd4 e5 17. Qa4 Re8 18. Rad1 Bxf3 19. Bxf3 e4 20. Bxe4 Nxe4 21. Rxe4 Rxe4 22. Qxe4 Nc5 23. Qf3 Ne6 24. Bf4 Qe8 25. Be3 Rc8 26. Rd2 h6 27. Kg2 Qe7 1/2-1/2

[Event "SUI-chT"]
[Site "Switzerland"]
[Date "2023.08.27"]
[Round "7.6"]
[White "Petkidis, Anthony"]
[Black "Cvitan, Ognjen"]
[Result "1/2-1/2"]
[WhiteElo "2430"]
[BlackElo "2442"]
[PlyCount "153"]
[EventDate "2023.04.16"]
[EventType "team-tourn"]
[EventRounds "9"]
[EventCountry "SUI"]
[SourceTitle "EXT 2024"]
[Source "ChessBase"]
[SourceDate "2023.10.10"]
[SourceVersion "1"]
[SourceVersionDate "2023.10.10"]
[SourceQuality "1"]
[WhiteTeam "Zuerich"]
[BlackTeam "Riehen"]
[WhiteTeamCountry "SUI"]
[BlackTeamCountry "SUI"]

1. d4 Nf6 2. c4 e6 3. Nf3 d5 4. g3 Be7 5. Bg2 0-0 6. 0-0 dxc4 7. Qc2 a6 8. a4 Bd7 9. Qxc4 Bc6 10. Bg5 Nbd7 11. Nc3 a5 12. Rfd1 h6 13. Bxf6 Nxf6 14. Qb3 Rb8 15. Ne5 Bxg2 16. Kxg2 c6 17. Na2 Qd5+ 18. Qxd5 exd5 19. Rdb1 Ra8 20. b4 axb4 21. Nxb4 Ne4 22. a5 Nd2 23. Rb2 Nc4 24. Nxc4 dxc4 25. Nc2 Ra7 26. Rab1 Rb8 27. Ne3 c3 28. Rb3 Bf6 29. Nc2 Re8 30. e3 Rxa5 31. Rxc3 Re7 32. Rcb3 Ra7 33. Nb4 Rd7 34. Nd3 Be7 35. g4 Bd6 36. h4 g6 37. Kf3 Be7 38. h5 gxh5 39. gxh5 Bd6 40. Kg4 Kf8 41. f4 Re7 42. Nb2 b5 43. Rc3 Ra6 44. Kf3 Rb7 45. Nd3 b4 46. Rc4 Rb5 47. Rbc1 Ra3 48. Nb2 Rxh5 49. Rxc6 f5 50. Rxd6 Rh3+ 51. Kg2 Raxe3 52. Rc2 Reg3+ 53. Kf1 Rf3+ 54. Kg1 Rc3 55. Rc6 Rhg3+ 56. Kf1 Rgf3+ 57. Ke2 Rxf4 58. Rc8+ Ke7 59. Rc7+ Kf6 60. Rc6+ Kg5 61. d5 Re4+ 62. Kf1 Rd4 63. R2xc3 bxc3 64. Rxc3 Rxd5 65. Nd3 h5 66. Kg2 h4 67. Kh3 Ra5 68. Ne1 Ra1 69. Nf3+ Kf4 70. Nh2 Ra8 71. Rf3+ Ke4 72. Rf2 Rg8 73. Kxh4 f4 74. Re2+ Kf5 75. Kh3 Rg3+ 76. Kh4 Rg8 77. Kh3 1/2-1/2

[Event "Split op 12th"]
[Site "Split"]
[Date "2023.08.05"]
[Round "1"]
[White "Cvitan, Ognjen"]
[Black "Sikimic, Goran"]
[Result "1-0"]
[WhiteElo "2435"]
[BlackElo "1836"]
[PlyCount "65"]
[EventDate "2023.08.05"]
[EventType "swiss"]
[EventRounds "9"]
[EventCountry "CRO"]
[SourceTitle "CBM 215 Extra"]
[Source "ChessBase"]
[SourceDate "2023.09.30"]
[SourceVersion "1"]
[SourceVersionDate "2023.09.30"]
[SourceQuality "1"]

1. d4 Nf6 2. c4 c5 3. d5 b5 4. cxb5 a6 5. bxa6 g6 6. Nc3 Bxa6 7. Nf3 Bg7 8. g3 d6 9. Bg2 Nbd7 10. Rb1 Qa5 11. Bd2 0-0 12. 0-0 Rfb8 13. b3 Ng4 14. Qc2 Nge5 15. Nxe5 Nxe5 16. a4 Qc7 17. Rfe1 Ra7 18. h3 Rab7 19. Ne4 h6 20. Bc3 f5 21. Nd2 Nd7 22. Bxg7 Kxg7 23. Qc3+ Kh7 24. e4 fxe4 25. Rxe4 Ne5 26. Rbe1 Rb4 27. f4 Rxe4 28. Bxe4 Nf7 29. f5 Ne5 30. fxg6+ Nxg6 31. Nf3 Rb4 32. Bc2 Bb7 33. Qd3 1-0

[Event "Nova Gorica op 27th"]
[Site "Nova Gorica"]
[Date "2023.03.21"]
[Round "7"]
[White "Davies, Nigel Rodney"]
[Black "Cvitan, Ognjen"]
[Result "1/2-1/2"]
[WhiteElo "2380"]
[BlackElo "2446"]
[PlyCount "27"]
[EventDate "2023.03.16"]
[EventType "swiss"]
[EventRounds "9"]
[EventCountry "SLO"]
[SourceTitle "CBM 213 Extra"]
[Source "ChessBase"]
[SourceDate "2023.05.31"]
[SourceVersion "1"]
[SourceVersionDate "2023.05.31"]
[SourceQuality "1"]

1. Nf3 Nf6 2. c4 e6 3. g3 d5 4. Bg2 Be7 5. 0-0 0-0 6. d4 dxc4 7. Qc2 a6 8. a4 Bd7 9. Qxc4 Bc6 10. Bg5 Nbd7 11. Nc3 a5 12. Rfd1 h6 13. Bxf6 Nxf6 14. Ne5 1/2-1/2

[Event "Nova Gorica op 27th"]
[Site "Nova Gorica"]
[Date "2023.03.20"]
[Round "6"]
[White "Cvitan, Ognjen"]
[Black "Mestek, Igor"]
[Result "1-0"]
[WhiteElo "2446"]
[BlackElo "2124"]
[PlyCount "47"]
[EventDate "2023.03.16"]
[EventType "swiss"]
[EventRounds "9"]
[EventCountry "SLO"]
[SourceTitle "CBM 213 Extra"]
[Source "ChessBase"]
[SourceDate "2023.05.31"]
[SourceVersion "1"]
[SourceVersionDate "2023.05.31"]
[SourceQuality "1"]

1. d4 d5 2. c4 e6 3. Nc3 c6 4. e3 f5 5. Nf3 Nf6 6. Bd3 Bd6 7. 0-0 0-0 8. b3 Ne4 9. Bb2 Nd7 10. Ne2 Qf6 11. Nf4 g5 12. Nh5 Qh6 13. Ne5 Ndf6 14. Nxf6+ Nxf6 15. Rc1 Bd7 16. Rc2 Ng4 17. h3 Nf6 18. f3 g4 19. fxg4 Qxe3+ 20. Kh1 Bxe5 21. dxe5 Ne4 22. Rf3 Qh6 23. gxf5 exf5 24. cxd5 1-0

[Event "Nova Gorica op 27th"]
[Site "Nova Gorica"]
[Date "2023.03.19"]
[Round "4"]
[White "Cvitan, Ognjen"]
[Black "Mendonca, Leon Luke"]
[Result "0-1"]
[WhiteElo "2446"]
[BlackElo "2558"]
[PlyCount "86"]
[EventDate "2023.03.16"]
[EventType "swiss"]
[EventRounds "9"]
[EventCountry "SLO"]
[SourceTitle "CBM 213 Extra"]
[Source "ChessBase"]
[SourceDate "2023.05.31"]
[SourceVersion "1"]
[SourceVersionDate "2023.05.31"]
[SourceQuality "1"]

1. d4 Nf6 2. c4 e6 3. Nf3 d5 4. Nc3 c5 5. cxd5 Nxd5 6. e4 Nxc3 7. bxc3 cxd4 8. cxd4 Bb4+ 9. Bd2 Bxd2+ 10. Qxd2 0-0 11. Bc4 Nc6 12. 0-0 b6 13. Rad1 Bb7 14. Rfe1 Na5 15. Bd3 Rc8 16. d5 Rc5 17. Qf4 h6 18. h4 exd5 19. e5 Bc8 20. Nd4 Nc6 21. Nb3 Rc3 22. Re3 Kh8 23. Nd4 Nxd4 24. Qxd4 Qc7 25. Qxd5 Rd8 26. Qe4 g6 27. Qf3 Bf5 28. Be2 Rxd1+ 29. Bxd1 Rc1 30. Kh2 Qd8 31. Re1 Qxh4+ 32. Kg1 Qd4 33. Qa3 Qc5 34. Qxa7 Kg7 35. Rf1 Be6 36. Bb3 Rxf1+ 37. Kxf1 Qc1+ 38. Ke2 Qb2+ 39. Kf3 Bxb3 40. axb3 Qxb3+ 41. Kg4 Qe6+ 42. Kh4 g5+ 43. Kh5 Qc4 0-1

[Event "SUI-chT"]
[Site "Switzerland"]
[Date "2022.11.13"]
[Round "9.4"]
[White "Baenziger, Fabian"]
[Black "Cvitan, Ognjen"]
[Result "1/2-1/2"]
[WhiteElo "2430"]
[BlackElo "2454"]
[PlyCount "62"]
[EventDate "2022.05.01"]
[EventType "team-tourn"]
[EventRounds "9"]
[EventCountry "SUI"]
[SourceTitle "EXT 2024"]
[Source "ChessBase"]
[SourceDate "2023.10.10"]
[SourceVersion "1"]
[SourceVersionDate "2023.10.10"]
[SourceQuality "1"]
[WhiteTeam "Luzern"]
[BlackTeam "Riehen"]
[WhiteTeamCountry "SUI"]
[BlackTeamCountry "SUI"]

1. d4 Nf6 2. c4 e6 3. Nf3 d5 4. g3 Be7 5. Bg2 0-0 6. 0-0 dxc4 7. Qc2 a6 8. a4 Bd7 9. Qxc4 Bc6 10. Bg5 Nbd7 11. Nc3 h6 12. Bxf6 Nxf6 13. Rfd1 Qd6 14. Qd3 Rfd8 15. e3 Qb4 16. Qc2 Rac8 17. Rd2 Qa5 18. Qb3 b5 19. Qd1 b4 20. Ne2 Be4 21. Rc1 c5 22. dxc5 Bxf3 23. Bxf3 Rxd2 24. Qxd2 Rxc5 25. Rxc5 Bxc5 26. Qc2 g6 27. Nf4 Kg7 28. Kg2 Qb6 29. Nd3 Bd6 30. Qc4 a5 31. h3 Nd7 1/2-1/2

[Event "EU-Cup 37th"]
[Site "Mayrhofen"]
[Date "2022.10.08"]
[Round "6.5"]
[White "Ahmadzada, Ahmad Samir"]
[Black "Cvitan, Ognjen"]
[Result "1-0"]
[WhiteElo "2488"]
[BlackElo "2446"]
[PlyCount "83"]
[EventDate "2022.10.03"]
[EventType "team-swiss"]
[EventRounds "7"]
[EventCountry "AUT"]
[SourceTitle "CBM 210 Extra"]
[Source "ChessBase"]
[SourceDate "2022.11.30"]
[SourceVersion "1"]
[SourceVersionDate "2022.11.30"]
[SourceQuality "1"]
[WhiteTeam "Vugar Gashimov"]
[BlackTeam "Riehen SG"]
[WhiteTeamCountry "AZE"]
[BlackTeamCountry "SUI"]

1. e4 c5 2. Nf3 d6 3. d4 cxd4 4. Nxd4 Nf6 5. Nc3 a6 6. Be3 e5 7. Nf3 Be7 8. Bc4 Be6 9. Bxe6 fxe6 10. Ng5 Qd7 11. Qf3 Nc6 12. Qh3 Nd8 13. Bb6 h6 14. a3 0-0 15. Bxd8 hxg5 16. Bxe7 Qxe7 17. Qe3 Nd7 18. 0-0 Rac8 19. Rfd1 Rc6 20. a4 Nb6 21. Rd3 Nc4 22. Qc1 Qc7 23. Ra2 Qb6 24. Nd1 Rf4 25. b3 Rxe4 26. Nc3 Rf4 27. Qe1 Na5 28. g3 Rf5 29. Nd1 d5 30. Ne3 Rf8 31. Ng4 e4 32. Rd1 Rc7 33. Qd2 Rcf7 34. c4 dxc4 35. Qxg5 cxb3 36. Nh6+ Kh7 37. Nxf7 bxa2 38. Qh5+ Kg8 39. Ng5 Qxf2+ 40. Kh1 Qf1+ 41. Rxf1 Rxf1+ 42. Kg2 1-0

[Event "CRO-chT1A 30th"]
[Site "Porec"]
[Date "2022.09.28"]
[Round "5.4"]
[White "Cvitan, Ognjen"]
[Black "Zovko, Mario"]
[Result "1-0"]
[WhiteElo "2445"]
[BlackElo "2306"]
[PlyCount "85"]
[EventDate "2022.09.24"]
[EventType "team-tourn"]
[EventRounds "9"]
[EventCountry "CRO"]
[SourceTitle "CBM 210 Extra"]
[Source "ChessBase"]
[SourceDate "2022.11.30"]
[SourceVersion "1"]
[SourceVersionDate "2022.11.30"]
[SourceQuality "1"]
[WhiteTeam "Solin Cemex"]
[BlackTeam "Novo Virje Konaki"]
[WhiteTeamCountry "CRO"]
[BlackTeamCountry "CRO"]

1. d4 d5 2. c4 e6 3. Nf3 c5 4. cxd5 exd5 5. g3 Nf6 6. Bg2 Be7 7. 0-0 0-0 8. dxc5 Bxc5 9. a3 h6 10. Nc3 a5 11. e3 Nc6 12. b3 Be6 13. Bb2 Qe7 14. Nb5 Rfd8 15. Rc1 Ne4 16. Nfd4 Rac8 17. Nxe6 Qxe6 18. Qh5 Ne7 19. Bd4 Bxd4 20. Nxd4 Qb6 21. Bxe4 dxe4 22. Qe5 Nc6 23. Nxc6 Rxc6 24. Rxc6 Qxc6 25. Qxa5 Rd3 26. b4 b5 27. Ra1 Kh7 28. Kg2 Qf6 29. Rf1 Qc6 30. h4 h5 31. a4 Rd5 32. axb5 Rxb5 33. Rc1 Qd5 34. Qc7 Qf5 35. Qc4 Kg6 36. Kg1 Kh7 37. Rd1 Re5 38. Rd8 Rb5 39. Re8 Re5 40. Rxe5 Qxe5 41. Qxf7 Qb5 42. Qe7 Qd3 43. Kg2 1-0

[Event "SUI-chT"]
[Site "Switzerland"]
[Date "2022.09.18"]
[Round "7.7"]
[White "Friedrich, Norbert"]
[Black "Cvitan, Ognjen"]
[Result "1/2-1/2"]
[WhiteElo "2263"]
[BlackElo "2454"]
[PlyCount "59"]
[EventDate "2022.05.01"]
[EventType "team-tourn"]
[EventRounds "9"]
[EventCountry "SUI"]
[SourceTitle "EXT 2023"]
[Source "ChessBase"]
[SourceDate "2022.10.05"]
[SourceVersion "1"]
[SourceVersionDate "2022.10.05"]
[SourceQuality "1"]
[WhiteTeam "Zuerich"]
[BlackTeam "Riehen"]
[WhiteTeamCountry "SUI"]
[BlackTeamCountry "SUI"]

1. e4 c5 2. Nf3 d6 3. Bb5+ Bd7 4. Bxd7+ Qxd7 5. 0-0 Nf6 6. Re1 Nc6 7. c3 e6 8. d4 cxd4 9. cxd4 d5 10. e5 Ne4 11. Nbd2 Nxd2 12. Bxd2 Bb4 13. Rc1 Bxd2 14. Qxd2 0-0 15. Rc3 Rfc8 16. Rec1 Ne7 17. g3 h6 18. Kg2 Rxc3 19. Rxc3 Rc8 20. b3 Rxc3 21. Qxc3 Qb5 22. Qc7 Nc6 23. Qc8+ Kh7 24. Qf8 Qd3 25. Qxf7 Nxd4 26. Ng5+ hxg5 27. Qh5+ Kg8 28. Qe8+ Kh7 29. Qh5+ Kg8 30. Qe8+ 1/2-1/2

[Event "CRO Cup"]
[Site "Vodice"]
[Date "2022.05.18"]
[Round "1.3"]
[White "Cvitan, Ognjen"]
[Black "Markovic, Franjo Josip"]
[Result "1-0"]
[WhiteElo "2454"]
[BlackElo "2144"]
[PlyCount "85"]
[EventDate "2022.05.18"]
[EventType "team-swiss"]
[EventRounds "6"]
[EventCountry "CRO"]
[SourceTitle "CBM 208 Extra"]
[Source "ChessBase"]
[SourceDate "2022.07.31"]
[SourceVersion "1"]
[SourceVersionDate "2022.07.31"]
[SourceQuality "1"]
[WhiteTeam "Solin Cemex"]
[BlackTeam "Dugo Selo"]
[WhiteTeamCountry "CRO"]
[BlackTeamCountry "CRO"]

1. d4 Nf6 2. c4 g6 3. Nc3 d5 4. cxd5 Nxd5 5. e4 Nxc3 6. bxc3 Bg7 7. Bc4 c5 8. Ne2 Nc6 9. Be3 0-0 10. 0-0 Qc7 11. Rc1 b6 12. Qd2 Bb7 13. Bh6 Rad8 14. Bxg7 Kxg7 15. Qe3 e5 16. Bb5 Na5 17. Ng3 Qe7 18. Rfd1 a6 19. Be2 Rfe8 20. f3 b5 21. d5 Bc8 22. c4 b4 23. a3 b3 24. Nf1 Qc7 25. Nd2 Bd7 26. Rb1 Ba4 27. Rb2 Rb8 28. Rdb1 Rb7 29. Bd1 Reb8 30. Qc3 f6 31. h3 Qb6 32. Kh2 h5 33. Bxb3 Bd7 34. Ba4 Qc7 35. Bxd7 Qxd7 36. Rxb7 Nxb7 37. Qb3 g5 38. Nf1 g4 39. fxg4 hxg4 40. Ng3 Kg6 41. Nf5 Qh7 42. Qg3 Qh5 43. Ne7+ 1-0

[Event "SUI-chT"]
[Site "Switzerland"]
[Date "2022.05.15"]
[Round "2.1"]
[White "Cvitan, Ognjen"]
[Black "Joie, Sebastien"]
[Result "1/2-1/2"]
[WhiteElo "2454"]
[BlackElo "2376"]
[PlyCount "60"]
[EventDate "2022.05.01"]
[EventType "team-tourn"]
[EventRounds "9"]
[EventCountry "SUI"]
[SourceTitle "EXT 2023"]
[Source "ChessBase"]
[SourceDate "2022.10.05"]
[SourceVersion "1"]
[SourceVersionDate "2022.10.05"]
[SourceQuality "1"]
[WhiteTeam "Riehen"]
[BlackTeam "Nyon"]
[WhiteTeamCountry "SUI"]
[BlackTeamCountry "SUI"]

1. d4 d5 2. c4 c6 3. Nf3 Nf6 4. Nc3 dxc4 5. a4 a5 6. e3 Bg4 7. Bxc4 e6 8. 0-0 Bb4 9. h3 Bh5 10. Be2 0-0 11. Ne5 Bxe2 12. Qxe2 Nbd7 13. Nxd7 Qxd7 14. Rd1 c5 15. dxc5 Qc6 16. Nb5 Rfd8 17. b3 Qxc5 18. Bb2 Qf5 19. Bxf6 Qxf6 20. g3 Qf5 21. Kg2 b6 22. Qf3 Qxf3+ 23. Kxf3 Kf8 24. Rac1 Rxd1 25. Rxd1 Ke7 26. Rc1 Bc5 27. Rd1 Rc8 28. Na7 Rc7 29. Nb5 Rc8 30. Na7 Rc7 1/2-1/2

[Event "EU-ch 22nd"]
[Site "Terme Catez"]
[Date "2022.04.01"]
[Round "6"]
[White "Van Dael, Siem"]
[Black "Cvitan, Ognjen"]
[Result "1/2-1/2"]
[WhiteElo "2307"]
[BlackElo "2458"]
[PlyCount "30"]
[EventDate "2022.03.27"]
[EventType "swiss"]
[EventRounds "11"]
[EventCountry "SLO"]
[SourceTitle "CBM 208"]
[Source "ChessBase"]
[SourceDate "2022.06.30"]
[SourceVersion "1"]
[SourceVersionDate "2022.06.30"]
[SourceQuality "1"]

1. e4 c5 2. Nf3 d6 3. d4 cxd4 4. Nxd4 Nf6 5. Nc3 a6 6. Be3 e5 7. Nb3 Be7 8. f3 Be6 9. Qd2 h5 10. 0-0-0 Nbd7 11. Kb1 Rc8 12. Bd3 b5 13. h3 h4 14. f4 Qc7 15. Rhe1 0-0 1/2-1/2

[Event "EU-ch 22nd"]
[Site "Terme Catez"]
[Date "2022.03.31"]
[Round "5"]
[White "Cvitan, Ognjen"]
[Black "Bernadskiy, Vitaliy"]
[Result "0-1"]
[WhiteElo "2458"]
[BlackElo "2606"]
[PlyCount "120"]
[EventDate "2022.03.27"]
[EventType "swiss"]
[EventRounds "11"]
[EventCountry "SLO"]
[SourceTitle "CBM 208"]
[Source "ChessBase"]
[SourceDate "2022.06.30"]
[SourceVersion "1"]
[SourceVersionDate "2022.06.30"]
[SourceQuality "1"]

1. d4 f5 2. g3 Nf6 3. Bg2 g6 4. Nf3 Bg7 5. 0-0 0-0 6. c4 e6 7. Nc3 d5 8. Ne5 c6 9. Bg5 Nbd7 10. cxd5 exd5 11. Nxd7 Qxd7 12. Bxf6 Bxf6 13. b4 a6 14. e3 Qd6 15. Qb3 g5 16. a4 Be6 17. b5 f4 18. Rac1 Bg7 19. Qd1 Qd7 20. bxc6 bxc6 21. Re1 Bh3 22. Qh5 Bxg2 23. Kxg2 f3+ 24. Kh1 Rf6 25. Rg1 g4 26. Rge1 Rh6 27. Qg5 Rg6 28. Qh5 Re8 29. Rb1 Bf6 30. Kg1 Kg7 31. h3 Rf8 32. hxg4 Bg5 33. Rb6 Bd8 34. Rb8 Rh6 35. Qe5+ Kg8 36. Rxd8 Rxd8 37. Qf4 Qg7 38. Qxf3 Rf8 39. Qe2 Rh3 40. Qf1 Rxg3+ 41. fxg3 Rxf1+ 42. Rxf1 Qxg4 43. Kg2 Qg6 44. Rc1 Qd3 45. Kf2 c5 46. dxc5 d4 47. exd4 Qxd4+ 48. Kf3 Qxc5 49. g4 Kg7 50. Ne2 Qa3+ 51. Rc3 Qxa4 52. Rc7+ Kh6 53. Nf4 a5 54. Kg3 Qe4 55. Rf7 Qe1+ 56. Kh3 a4 57. Rf6+ Kg7 58. g5 Kg8 59. Re6 Qa5 60. Kg4 a3 0-1

[Event "EU-ch 22nd"]
[Site "Terme Catez"]
[Date "2022.03.30"]
[Round "4"]
[White "Kanov, Nikola"]
[Black "Cvitan, Ognjen"]
[Result "0-1"]
[WhiteElo "2265"]
[BlackElo "2458"]
[PlyCount "86"]
[EventDate "2022.03.27"]
[EventType "swiss"]
[EventRounds "11"]
[EventCountry "SLO"]
[SourceTitle "CBM 208"]
[Source "ChessBase"]
[SourceDate "2022.06.30"]
[SourceVersion "1"]
[SourceVersionDate "2022.06.30"]
[SourceQuality "1"]

1. e4 c5 2. Nf3 d6 3. d4 cxd4 4. Nxd4 Nf6 5. Nc3 a6 6. Be3 e5 7. Nb3 Be7 8. f3 Be6 9. Qd2 h5 10. Nd5 Nxd5 11. exd5 Bf5 12. a4 0-0 13. a5 Nd7 14. Be2 Bh4+ 15. g3 Be7 16. 0-0 Bh3 17. Rfe1 Nf6 18. Ra4 Qd7 19. Rb4 Rfe8 20. c3 Bd8 21. Bd1 e4 22. Bf4 exf3 23. Rxe8+ Qxe8 24. Bxf3 Qd7 25. c4 Rc8 26. Qe3 Ng4 27. Qd2 Bf6 28. Bg2 Ne5 29. Bxe5 Bxe5 30. c5 Bxg2 31. Kxg2 dxc5 32. Rb6 h4 33. d6 h3+ 34. Kg1 c4 35. Nc1 Rc6 36. Rxb7 Qxb7 37. d7 Bf6 38. d8Q+ Bxd8 39. Qxd8+ Kh7 40. Qd5 Qa7+ 41. Kh1 Re6 42. Ne2 Qf2 43. Ng1 Re1 0-1